000 00484nam a2200181Ia 4500
005 20250326125208.0
008 250326s9999 xx 000 0 und d
037 _aTextbook
040 _aFMSL
_beng
_cFMSL
041 _aeng
_2eng
084 _aX5:5 K6
_qFMSL
100 _aCaves R E
245 0 _aTrade and economic structure
_cCaves R E
260 _aDelhi
_bDelhi, Motilal Banarsidass
_c1966
300 _a317p
942 _cTB
_hX5:5 K6
999 _c1276959
_d1276959